01449nam a2200277 a 4500001001000000005001700010041000800027044000800035084002100043100004500064245016700109260003300276300005000309500013700359500013100496500018300627500001100810546002400821650005200845650005600897650003400953650004500987700003901032700005001071740005001121BRCA_338220190320204243.0 aeng aenk a671b.S265c19021 aCervantes Saavedra, Miguel ded1547-161610aThe Life and Exploits of the Ingenious Gentleman Don Quixote de la ManchacTranslated from the Original Spanish of Miguel de Cervantes Saavedra by Charles Jarvis. aLondresbSands and Co.c1902 a1 v. en 2 partes (xxiii, 614 p.)bil.c23 cm. aContenido : Vida de Cervantes extractada de la escrita por Mayáns. Prólogo del autor. Texto de ambas partes fundidas en una sola aEdición : Carefully Revised and Corrected to which is Prefixed a Life of the Author. With 16 Illustrations by W. H. Robinson aReimpresión de la versión de Jarvis con las ilustraciones de W. H. Robinson y una breve biografía de Cervantes, extractada de la escrita por Mayáns. Tela Lúdovik Osterc aQM1100 aTexto en : inglés14aNovela españolayÉpoca clásica, 1500-170014aLiteratura españolayÉpoca clásica, 1500-170014aNovela españolaySiglo XVII14aDon Quijote (Personaje ficticio)eNovela1 aJarvis, Charlesd?-1739eTraductor1 aRobinson, William Heatd1872-1944eIlustrador0 aEl Ingenioso Hidalgo Don Quijote de la Mancha